| 000 | 00370nam a22001457a 4500 | ||
|---|---|---|---|
| 020 | _a81-219-1778-6 | ||
| 082 | _a629.83 CHA | ||
| 100 | _aXAVIER , S. P.EUGENE | ||
| 245 | _aPRINCIPLES OF CONTROL SYSTEMS | ||
| 260 |
_aDELHI _bS. CHAND _c2008 |
||
| 300 | _aXI, 515P | ||
| 650 | _aCONTROL SYSTEMS.CONTROL SYSTEMS ENGINEERING | ||
| 700 | _aBABU, JOSEPH CYRIL | ||
| 942 | _cBK | ||
| 999 |
_c33785 _d33785 |
||